000 00692nam a2200289Ia 4500
005 20260324145237.0
008 008 260324s9999 xx 000 0 eng d
020 _a9780429307485
037 _aEBOOK
040 _aCRL
040 _beng
040 _cCRL
041 _2eng
041 _aeng
084 _qCRL
100 _aVictor A Olorunsola; Donald Rothchild
_91222274
245 0 _aState Versus Ethnic Claims
245 0 _bAfrican Policy Dilemmas
260 _bTaylor and Francis
260 _c1983
365 _a
365 _b230
856 _uhttp://www.taylorfrancis.com/books/9780429307485
942 _cEBOOK
999 _c1829900
_d1829900